Almost Useless TV Trivia III Quiz Stats

Quiz Updated Nov 27, 2015

Challenge
Share
Tweet
Embed
Score 0/22 Timer 05:00
1 Play Today
% Correct
Family Feud
93.5%
The A-Team
93.5%
Orange is the New Black
92.2%
The X-Files
92.2%
Grey's Anatomy
92.1%
Cheers
90.5%
Full House
89.7%
Star Trek
89.5%
Diff'rent Strokes
86.2%
Family Matters
85.1%
Boy Meets World
82.9%
% Correct
Glee
78.9%
Modern Family
75.2%
Hey Arnold!
74.4%
BattleStar Galactica
70.9%
Kim Possible
70.1%
Community
66.7%
Lost
65.7%
Blue's Clues
57.7%
Orphan Black
57.2%
Dawson's Creek
55.2%
Unbreakable Kimmy Schmidt
51%

You're not logged in!

Compare scores with friends on all Sporcle quizzes.
Join for Free
OR
Log In

You Might Also Like...

Show Comments

Extras

Top Quizzes Today


Score Distribution

Your Account Isn't Verified!

In order to create a playlist on Sporcle, you need to verify the email address you used during registration. Go to your Sporcle Settings to finish the process.

Report this User

Report this user for behavior that violates our Community Guidelines.

Details: